| 000 | 00865nac a22002291u 4500 | ||
|---|---|---|---|
| 020 | _a8172248539 | ||
| 082 |
_a658.3121 _bSTR |
||
| 090 |
_c9720 _d9720 |
||
| 100 | _aStredwick, John. | ||
| 245 |
_aFlexible working practices : _b techniques and innovations / _c John Stredwick and Steve Ellis |
||
| 260 |
_aLondon : _bInstitute of Personnel and Development,1998 _c1998 |
||
| 300 |
_axv,328p. : _b ill. ; _c 25cm. |
||
| 500 | _aDistributer: Al-Ahram | ||
| 500 | _aIncludes index. | ||
| 511 | _aCatalogued By: Mahitab. | ||
| 650 | _aHours of labor, Flexible. | ||
| 650 | _aPersonnel management | ||
| 700 |
_aEllis, Steve _d1960- |
||
| 710 | _aInstitute of Personnel and Development | ||
| 942 |
_cBB _k658.3121 STR |
||
| 999 |
_c9720 _d9720 |
||